LEADER 00990nam a2200241 u 4500 001 000000029857 003 CaOOAMICUS 005 20070226111949.0 008 970616s1973 fr u000 u fre u 035 $a10765105 040 $aEFR$bita 100 1 $aArnaud, Pierre.$0(OLS)http://pul/name/24130 245 13$aLe "Nouveau Dieu", introduction à la politique positive /$cPierre Arnaud. 260 $aParis :$bJ. Vrin,$c1973. 300 $a583 p. ;$c23 cm 502 $aThèse--Université de Paris IV. Faculté des lettres, 1971. 650 4$aFilosofia e scienze sociali.$0(OLS)http://pul/subject/8503 850 $aPUL 852 $aPUL$W1$xDP1 Cons. Gen., Altre Classi 1$y22$m43 B 47$j41298$nBK-PRI$b $qStampati$B41298$CPULBib$Z2$F41298 $H $81 941 1 $a8 961 $aINV: 40875 996 $6245$aLe "Nouveau Dieu", introduction à la politique positive$9(OLS)http://pul/title/40930 996 $6260$aParis :$bJ. Vrin$9(OLS)http://pul/publisher/48393 LEADER 01329nam a2200277 a 4500 001 000000125784 003 CaOOAMICUS 005 20110622103453.0 008 110622s2011 vc aof u000 u ita r 020 $a978-88-209-8542-4 040 $aPUL$bita 082 04$a248 245 00$aBenedetto XVI e san Francesco :$bstoria, teologia, catechesi, spiritualità /$ca cura di Gianfranco Grieco. 260 $aCittà del Vaticano :$bLibreria editrice vaticana,$c©2011. 300 $a298p., [10] p. di tav. :$bfoto., ill. ;$c21 cm. 500 $aInclude indici. 600 04$aBenedictus PP. XVI,$d1927-2022$xSpiritualità.$0(OLS)http://pul/subject/38131 650 4$aSpiritualità francescana.$0(OLS)http://pul/subject/12365 700 1 $aGrieco, Gianfranco,$cO.F.M. Conv.,$d1943-$0(OLS)http://pul/name/38941 850 $aPUL 852 $aPUL$W1$xSL Religione 3$y85$m248 GRIGI 1$j144893$qDDC 21$B143902$CPULBib$Z2$F143902 $H117271 $82 996 $6020$a978-88-209-8542-4$9(OLS)http://pul/number/147543 996 $6082$a248$9(OLS)http://pul/classification/457 996 $6245$aBenedetto XVI e san Francesco :$bstoria, teologia, catechesi, spiritualità$9(OLS)http://pul/title/158718 996 $6260$aCittà del Vaticano :$bLibreria editrice vaticana$9(OLS)http://pul/publisher/47920 LEADER 01162nam a2200289 a 4500 001 000000138840 003 CaOOAMICUS 005 20140613112504.0 008 140613s1991 gw u000 u ger r 020 $a3-7867-1569-6 040 $aPUL$bita 082 04$a940.1 100 1 $aBrieskorn, Norbert.$0(OLS)http://pul/name/89549 245 10$aFinsteres Mittelalter? :$bUber das Lebensgefühl einer Epoche /$cNorbert Brieskorn. 260 $aMainz :$bMatthias-Grünewald,$c1991. 300 $a301 p. ;$c23 cm 504 $aBibliografia in nota. 650 4$aMedioevo$xStoriografia.$0(OLS)http://pul/subject/16455 850 $aPUL 852 $aPUL$W1$xDP2 Filosofia 3$y112$m940. 1 BRINO 1$j160270$qDDC 21$B159717$CPULBib$Z2$F159717 $H91164 $82 941 1 $a9 961 $aDono del prof. B. Ferme. 996 $6020$a3-7867-1569-6$9(OLS)http://pul/number/155549 996 $6082$a940.1$9(OLS)http://pul/classification/198 996 $6245$aFinsteres Mittelalter? :$bUber das Lebensgefühl einer Epoche$9(OLS)http://pul/title/175777 996 $6260$aMainz :$bMatthias-Grünewald$9(OLS)http://pul/publisher/51243